La salud pública : (Registro nro. 48028)
[ vista simple ]
| 000 -LEADER | |
|---|---|
| fixed length control field | 02114nam a22002537a 4500 |
| 003 - CONTROL NUMBER IDENTIFIER | |
| control field | CO-CtgCURN |
| 005 - DATE AND TIME OF LATEST TRANSACTION | |
| control field | 20260320175051.0 |
| 008 - FIXED-LENGTH DATA ELEMENTS--GENERAL INFORMATION | |
| fixed length control field | 250503b |||||||| |||| 00| 0 eng d |
| 020 ## - INTERNATIONAL STANDARD BOOK NUMBER | |
| International Standard Book Number | 9589181627 |
| 040 ## - CATALOGING SOURCE | |
| Original cataloging agency | CO-CtgCURN |
| Language of cataloging | apa |
| Transcribing agency | coctgcurn |
| 082 ## - DEWEY DECIMAL CLASSIFICATION NUMBER | |
| Classification number | 614.44 |
| Item number | M151s |
| 100 ## - MAIN ENTRY--PERSONAL NAME | |
| Personal name | Malagón-Londoño, Gustavo |
| 245 ## - TITLE STATEMENT | |
| Title | La salud pública : |
| Remainder of title | Situación actual, propuestas y recomendaciones / |
| Statement of responsibility, etc. | Gustavo Malagón-Londoño, Ricardo Galán Morera. |
| 260 ## - PUBLICATION, DISTRIBUTION, ETC. | |
| Place of publication, distribution, etc. | Bogotá : |
| Name of publisher, distributor, etc. | Médica Panamericana, |
| Date of publication, distribution, etc. | 2002. |
| 300 ## - PHYSICAL DESCRIPTION | |
| Extent | 492 páginas, |
| Other physical details | ilustraciones, |
| Dimensions | 24 cm. |
| 500 ## - GENERAL NOTE | |
| General note | Incluye bibliografía. |
| 505 ## - FORMATTED CONTENTS NOTE | |
| Formatted contents note | Responsabilidad y cobertura de la Salud Pública. -- Evolución, Situación actual y prospectiva de la salud pública. -- Principios orientadores de la salud pública desde el derecho a la salud. -- Salud ambiental. -- Contaminación del suelo y Salud. -- Geopolítica, Salud publica y medicina social. -- Magia, religión e higiene en la historia Latinoamericana. -- Zoonosis y enfermedades transmisibles comunes al hombre y a los animales. -- Las sustancias peligrosas. -- Alimentos del nuevo milenio. -- Factores de riesgo y protección del consumo en salud pública. -- Medicamentos y la salud pública del futuro. -- La transición epidemiológica. -- Equidad en salud y corrientes de reforma en servicios de atención a la enfermedad y en salud pública. -- Participación comunitaria en el plan local de salud. -- Formulación del plan local: Prevención, control y eliminación de problemas de salud. -- Sistema de información en salud. -- Desastres y su impacto en salud publica. -- Avances científicos y tecnológicos inmunológica y vacunas. -- Educación continua de los trabajadores de la salud. -- Bioética y salud publica Intervenciones en salud publica. -- Intervenciones en salud publica. |
| 590 ## - LOCAL NOTE (RLIN) | |
| Local note | Salud Publica (Odontología) |
| 650 ## - SUBJECT ADDED ENTRY--TOPICAL TERM | |
| Topical term or geographic name entry element | Salud pública. |
| 650 ## - SUBJECT ADDED ENTRY--TOPICAL TERM | |
| Topical term or geographic name entry element | Salud pública |
| General subdivision | Sistemas de información. |
| 650 ## - SUBJECT ADDED ENTRY--TOPICAL TERM | |
| Topical term or geographic name entry element | Salud pública |
| Form subdivision | Bioética. |
| 700 ## - ADDED ENTRY--PERSONAL NAME | |
| Personal name | Galán Morera, Ricardo |
| Relator term | autor |
| 942 ## - ADDED ENTRY ELEMENTS (KOHA) | |
| Source of classification or shelving scheme | Dewey Decimal Classification |
| Koha item type | Libros |
| Classification part | 614.44 |
| Item part | M151s |
| Suppress in OPAC | No |
| Withdrawn status | Lost status | Source of classification or shelving scheme | Damaged status | Not for loan | Collection | Home library | Current library | Shelving location | Date acquired | Inventory number | Total checkouts | Full call number | Barcode | Date last seen | Copy number | Price effective from | Koha item type | Public note |
|---|---|---|---|---|---|---|---|---|---|---|---|---|---|---|---|---|---|---|
| Dewey Decimal Classification | General | Miguel Henríquez Emiliani | Miguel Henríquez Emiliani | General | 05/03/2025 | 008549 | 614.44 M151s | 008549 | 05/03/2025 | ej.1 | 05/03/2025 | Libros | 610-CIENME | |||||
| Dewey Decimal Classification | General | Miguel Henríquez Emiliani | Miguel Henríquez Emiliani | General | 05/03/2025 | 008550 | 614.44 M151s | 008550 | 05/03/2025 | ej.2 | 05/03/2025 | Libros | 610-CIENME | |||||
| Dewey Decimal Classification | General | Miguel Henríquez Emiliani | Miguel Henríquez Emiliani | General | 05/03/2025 | 024578 | 614.44 M151s | 024578 | 05/03/2025 | ej.3 | 05/03/2025 | Libros | 610-CIENME |